La imagen teatral
Furkejuvvon:
| Váldodahkki: | |
|---|---|
| Materiálatiipa: | Girji |
| Giella: | Undetermined |
| Almmustuhtton: |
San José, Costa Rica
Editorial Costa Rica
1972
|
| Fáttát: | |
| Fáddágilkorat: |
Lasit fáddágilkoriid
Eai fáddágilkorat, Lasit vuosttaš fáddágilkora!
|
MARC
| LEADER | 00000nam a2200000Ia 4500 | ||
|---|---|---|---|
| 008 | 170316s9999 xx 000 0 und d | ||
| 090 | |a 792 G-2i | ||
| 100 | |a Garrido, Lenin | ||
| 245 | |a La imagen teatral | ||
| 260 | |a San José, Costa Rica | ||
| 260 | |b Editorial Costa Rica | ||
| 260 | |c 1972 | ||
| 300 | |a 176 páginas | ||
| 650 | |a TEATRO | ||
| 650 | |a TEATRO - ANÁLISIS | ||
| 650 | |a ARISTÓTELES - LA POÉTICA | ||
| 650 | |a LA IMAGEN | ||
| 999 | |c 19746 |d 19746 | ||
| 040 | |a cru BVZT | ||
| 942 | |c 15 D |h 792 G-2i |2 z | ||
